00200nam a2200073Ia 4500082001200000245002600012100004700038008004100085 aAF SMIT 0aOnder 'n sterrehemel  a SMITH, Bets Pretoria, 2006 1ste uitg 210817s9999 xx 000 0 und d